String and list processing in SNOBOL4 ; techniques and applications /
Guardado en:
| Autor Principal: | |
|---|---|
| Formato: | Libro |
| Idioma: | English |
| Publicado: |
Englewoods Cliffs, N.J. :
Prentice-Hall,
[1975]
|
| Series: | Prentice-Hall series in automatic computation
|
| Materias: | |
| Etiquetas: |
Agregar Etiqueta
Sin Etiquetas, Sea el primero en etiquetar este registro!
|
| LEADER | 00816pam a2200229 a 4500 | ||
|---|---|---|---|
| 001 | MAT.inmabb005832 | ||
| 008 | 740517s1975####njua#####b####001#0#eng## | ||
| 005 | 20170518171932.0 | ||
| 245 | 1 | 0 | |a String and list processing in SNOBOL4 ; |b techniques and applications / |c [by] Ralph E. Griswold. |
| 260 | |a Englewoods Cliffs, N.J. : |b Prentice-Hall, |c [1975] | ||
| 300 | |a xiv, 287 p. : |b il. ; |c 24 cm. | ||
| 490 | 0 | |a Prentice-Hall series in automatic computation | |
| 504 | |a Incluye referencias bibliográficas. | ||
| 510 | 4 | |a MR, |c *REVIEW #* | |
| 020 | |a 0138530106 | ||
| 100 | 1 | |a Griswold, Ralph E., |d 1934- | |
| 650 | 0 | |a SNOBOL (Computer program language) | |
| 650 | 0 | |a List processing (Electronic computers) | |
| 084 | |a 68 |2 MR | ||
| 010 | |a 74009661 | ||
| 040 | |a DLC |c DLC |d DLC | ||
| 859 | |h 68 |i G871s |p A-4896 |b BIB. MATEMATICA | ||
